[Event "Teteven op 32nd"]
[Site "Teteven"]
[Date "2018.08.15"]
[Round "5"]
[White "Kazakov, Danail"]
[Black "Milanov, Milan1111"]
[Result "0-1"]
[WhiteElo "1786"]
[BlackElo "1592"]
[PlyCount "74"]
[EventDate "2018.08.11"]
[EventType "swiss"]
[EventRounds "9"]
[EventCountry "BUL"]
[SourceTitle "CBM 186 Extra"]
[Source "ChessBase"]
[SourceDate "2018.08.24"]
[SourceVersion "1"]
[SourceVersionDate "2018.08.24"]
[SourceQuality "1"]

1. e4 c5 2. Nf3 Nc6 3. d4 cxd4 4. Nxd4 Nf6 5. Nc3 e6 6. a3 Qb6 7. Nxc6 dxc6 8. Bd3 Be7 9. 0-0 0-0 10. Qf3 e5 11. h3 Be6 12. b4 Qc7 13. Ne2 Rad8 14. Ng3 g6 15. Bg5 Ne8 16. Qe3 Bxg5 17. Qxg5 f6 18. Qe3 b6 19. f4 exf4 20. Rxf4 Qe5 21. Raf1 Qc3 22. Rh4 Qxa3 23. Qh6 Rd7 24. e5 f5 25. Nxf5 Rff7 26. Ne7+ Rdxe7 27. Rxf7 Rxf7 28. Bxg6 Qa1+ 29. Kh2 Qxe5+ 30. Kg1 hxg6 31. Qxg6+ Kf8 32. Re4 Rf6 33. Qh7 Qg5 34. h4 Qg8 35. Qh5 Rg6 36. Qf3+ Qf7 37. Qe3 Bd5 0-1

[Event "Teteven op 32nd"]
[Site "Teteven"]
[Date "2018.08.11"]
[Round "1"]
[White "Kazakov, Danail"]
[Black "Galunov, Georgi"]
[Result "0-1"]
[WhiteElo "1786"]
[BlackElo "1821"]
[PlyCount "58"]
[EventDate "2018.08.11"]
[EventType "swiss"]
[EventRounds "9"]
[EventCountry "BUL"]
[SourceTitle "CBM 186 Extra"]
[Source "ChessBase"]
[SourceDate "2018.08.24"]
[SourceVersion "1"]
[SourceVersionDate "2018.08.24"]
[SourceQuality "1"]

1. e4 e5 2. b3 Nf6 3. Nc3 Bc5 4. f3 a6 5. Bc4 0-0 6. Bb2 c6 7. Nge2 d5 8. Bd3 b5 9. exd5 cxd5 10. Ng3 Nc6 11. Nce2 Re8 12. c3 e4 13. fxe4 dxe4 14. Bc2 Ng4 15. Nd4 Nxd4 16. cxd4 Bxd4 17. Qb1 Nf2 18. Rf1 Nd3+ 19. Bxd3 exd3+ 20. Kd1 Bg4+ 21. Kc1 Rc8+ 22. Bc3 Bxc3 23. dxc3 Rxc3+ 24. Kb2 Rc2+ 25. Qxc2 dxc2 26. Kxc2 Qc7+ 27. Kb2 b4 28. a3 Qc3+ 29. Ka2 Qc2# 0-1